| 000 | 00598nam a22002057a 4500 | ||
|---|---|---|---|
| 005 | 20260611151550.0 | ||
| 010 | _aENG-148838 | ||
| 020 |
_a9789354428623 _c550.00 |
||
| 035 | _aEN-132370 | ||
| 037 | _aDBAD | ||
| 082 | _a921 | ||
| 100 |
_aGunasekaran, K.A. _911209 |
||
| 245 |
_aThe Scar/ _cK.A. Gunasekaran [and] Translated By V. Kadambari |
||
| 250 | _a1 | ||
| 260 |
_aHyderabad _bOrient BlackSwan _c2024 |
||
| 270 |
_a3-6-752 Himayatnagar, _bHyderabad _e500029 |
||
| 300 |
_a98p. _c22cm(hb) |
||
| 700 |
_aV. Kadambari _eTranslator _989367 |
||
| 942 |
_2ddc _cEN _mGUN _h921 |
||
| 999 |
_c216621 _d216621 |
||